000 00810nam a2200241 u 4500
005 20230208063843.0
008 141009s2005 r 000 0 eng d
020 _a8498143462
035 _aUPN01000200130
049 _aCG
050 4 _aNC760
_bF3.2
100 1 _aFabry, Glenn,
_d1961-
_936606
245 1 0 _aAnatomía para dibujantes de fantasía :
_buna guía para la creación de figuras de acción y formas de fantasía para ilustradores /
_cGlenn Fabry, Ben Cormack.
260 _aBarcelona, Esp. :
_bNorma,
_c2005.
300 _a128 p. :
_bil. col.
534 _pTítulo original:
_tAnatomy for fantasy artists.
650 4 _aANATOMIA ARTISTICA
_9564
650 4 _aDIBUJO DE FIGURAS
_911347
650 2 _aDibujo
_915933
700 1 _aCormack, Ben,
_ecoaut.
905 _aLibro
999 _c172231
_d172231